Bursa kent konseyi (Record no. 3875)

MARC details
000 -BAŞLIK
Sabit Uzunlukta Kontrol Alanı 00760na a2200241 4500
001 - KONTROL NUMARASI
Denetim Alanı 13637
003 - KONTROL NUMARASI IDENTIFIER
Denetim Alanı MIRAKIL
005 - SON İŞLEM TARİHİ VE ZAMANI
Denetim Alanı 20181213154946.0
008 - SABİT-BOY VERİ ELEMANLARI - GENEL BİLGİLER
Sabit Uzunlukta Kontrol Alanı 160918b tu 000 0
035 ## - SİSTEM KONTROL NUMARASI
Sistem Kontrol Numarası 13637
040 ## - KATALOGLAMA KAYNAK
Orijinal Kataloglama Ajansı Milas
Kataloglama Dili tur
Metne Dönüştürmek Ajansı TR-AnCHP
082 ## - DEWEY ONLU SINIFLANDIRMA NUMARASI
Sınıflandırma Numarası 352.056
Ürün Numarası P24b 2014
090 ## - SINIFLAMA NUMARASI
Sınıflama Numarası 352.056 P24b 2014
100 ## - ANA GİRİŞ - KİŞİSEL İSİM
Kişisel Ad Pala, Mehmet Semih
245 ## - BAŞLIK TABLOSU
Başlık Bursa kent konseyi
Başlığın Kalan Temmuz 2009- Mart 2014 çalışma raporu
Sorumluluk Tablosu, Vb Mehmet Semih Pala
246 ## - UNVAN FORM VARYING
Başlık Doğru / Kısa Başlığı Temmuz 2009 - Mart 2014 çalışma raporu
260 ## - YAYIN, DAĞITIM, VB
Yayın, Dağıtım, Vb Yeri Bursa
Yayıncı, Dağıtıcı, Vs Adı Bursa Büyükşehir Belediyesi
Yayın, Dağıtım, Vb Tarihi [t.y.]
300 ## - FİZİKSEL TANIM
Kapsam 127 s.
Diğer Fiziksel Ayrıntıları res.
Boyutlar 30 sm.
650 ## - KONU KATMA GİRİŞ - TOPİKAL DÖNEM
Topikal Süreli Veya Coğrafi Ad Giriş Elemanı Yerel yönetimler
Genel Alt Bölümü Türkiye
Coğrafi Alt Bölümü Bursa
650 ## - KONU KATMA GİRİŞ - TOPİKAL DÖNEM
Topikal Süreli Veya Coğrafi Ad Giriş Elemanı Kent konseyleri
Coğrafi Alt Bölümü Türkiye
651 ## - KONU KATMA GİRİŞ - COĞRAFİ ADI
Coğrafi İsim Bursa
Genel Alt Bölümü Yerel yönetim
Kronolojik Alt Bölümü Kent konseyi
942 ## - EKLENDİ GİRİŞ ELEMANLARI (KOHA)
Sınıflandırma Veya Raf Düzeni Kaynak Dewey Decimal Classification
Koha Öğesi Türü Books
999 ## - SİSTEM KONTROL NUMARALARI (KOHA)
Koha Biblionumber 3875
Koha Biblioitemnumber 3875
Holdings
Kalıcı Konum Mevcut Konum Edinme Tarihi Edinim Kaynak Toplam Check-Out'Lar Tam Çağrı Numarası Barkod Tarih Son Görülme İtibaren Geçerli Fiyatlar Koha Öğesi Türü
CHP Kütüphanesi CHP Kütüphanesi 08/15/2016 Bağış   352.056 P24b 2014 001258 08/15/2016 08/15/2016 Books